<?xml version="1.0" encoding="UTF-8"?>
<record
    xmlns:xsi="http://www.w3.org/2001/XMLSchema-instance"
    xsi:schemaLocation="http://www.loc.gov/MARC21/slim http://www.loc.gov/standards/marcxml/schema/MARC21slim.xsd"
    xmlns="http://www.loc.gov/MARC21/slim">

  <leader>02031njm a2200397Ia 4500</leader>
  <controlfield tag="001">40065</controlfield>
  <controlfield tag="003">IT-RoPAU</controlfield>
  <controlfield tag="005">20220918181121.0</controlfield>
  <controlfield tag="008">131025s9999    xx            000 0 und d</controlfield>
  <datafield tag="040" ind1=" " ind2=" ">
    <subfield code="a">IT-RoPAU</subfield>
  </datafield>
  <datafield tag="040" ind1=" " ind2=" ">
    <subfield code="c">IT-RoPAU</subfield>
  </datafield>
  <datafield tag="999" ind1=" " ind2=" ">
    <subfield code="c">99829</subfield>
    <subfield code="d">99829</subfield>
  </datafield>
  <datafield tag="999" ind1=" " ind2=" ">
    <subfield code="b">n.d.</subfield>
  </datafield>
  <datafield tag="100" ind1=" " ind2=" ">
    <subfield code="a">AA.VV.</subfield>
    <subfield code="9">794</subfield>
  </datafield>
  <datafield tag="100" ind1=" " ind2=" ">
    <subfield code="e">Autore musica</subfield>
    <subfield code="9">20679</subfield>
  </datafield>
  <datafield tag="100" ind1=" " ind2=" ">
    <subfield code="g">Codice autore musica SPICS: 12000</subfield>
    <subfield code="9">796</subfield>
  </datafield>
  <datafield tag="245" ind1=" " ind2=" ">
    <subfield code="a">Selezione di prova</subfield>
  </datafield>
  <datafield tag="250" ind1=" " ind2=" ">
    <subfield code="a">1a ed.</subfield>
  </datafield>
  <datafield tag="260" ind1=" " ind2=" ">
    <subfield code="a">MUSICAL MASTERPIECE SOCIETY</subfield>
  </datafield>
  <datafield tag="260" ind1=" " ind2=" ">
    <subfield code="b">MMS</subfield>
  </datafield>
  <datafield tag="300" ind1=" " ind2=" ">
    <subfield code="a">DISCO</subfield>
  </datafield>
  <datafield tag="500" ind1=" " ind2=" ">
    <subfield code="a">Musica classica. Selezione di brani tratti da Bach, Vivaldi, Mozart, Chopin, Berlioz, Beethoven</subfield>
  </datafield>
  <datafield tag="505" ind1=" " ind2=" ">
    <subfield code="a">Toccata e fuga in re minore - Concerto per due trombe e orchestra in do maggiore - Sonata per pianoforte in fa diesis maggiore, op.78 "A Teresa" - Sinfonia n. 26 in mi bemolle maggiore, K. 184 - Fantasia: Improvviso, op. 66 - Carnevale romano</subfield>
  </datafield>
  <datafield tag="511" ind1=" " ind2=" ">
    <subfield code="a">Schreiner A.: organo</subfield>
  </datafield>
  <datafield tag="511" ind1=" " ind2=" ">
    <subfield code="a">Orchestra Filarmonica Olandese diretta da Ackermann Otto</subfield>
  </datafield>
  <datafield tag="511" ind1=" " ind2=" ">
    <subfield code="a">Johannesen Grant: pianoforte</subfield>
  </datafield>
  <datafield tag="511" ind1=" " ind2=" ">
    <subfield code="a">Goldsand Robert: pianoforte</subfield>
  </datafield>
  <datafield tag="511" ind1=" " ind2=" ">
    <subfield code="a">Orchestra Filarmonica Olandese diretta da Goehr Walter</subfield>
  </datafield>
  <datafield tag="650" ind1=" " ind2=" ">
    <subfield code="a">CLASSICA [DISCHI]</subfield>
    <subfield code="e">Codice MATERIA SPICS: 9950</subfield>
    <subfield code="9">1157</subfield>
  </datafield>
  <datafield tag="700" ind1=" " ind2=" ">
    <subfield code="a">Bach Johann Sebastian</subfield>
    <subfield code="d">Codice autore musica SPICS: 9695</subfield>
    <subfield code="e">Autore musica</subfield>
    <subfield code="p">Toccata e fuga in re minore</subfield>
    <subfield code="9">20680</subfield>
  </datafield>
  <datafield tag="700" ind1=" " ind2=" ">
    <subfield code="a">Vivaldi Antonio</subfield>
    <subfield code="d">Codice autore musica SPICS: 11195</subfield>
    <subfield code="e">Autore musica</subfield>
    <subfield code="p">Concerto per due trombe e orchestra in do maggiore</subfield>
    <subfield code="9">20681</subfield>
  </datafield>
  <datafield tag="700" ind1=" " ind2=" ">
    <subfield code="a">Beethoven Ludwig Van</subfield>
    <subfield code="d">Codice autore musica SPICS: 10721</subfield>
    <subfield code="e">Autore musica</subfield>
    <subfield code="p">Sonata per pianoforte in fa diesis maggiore, op.78 "A Teresa"</subfield>
    <subfield code="9">20682</subfield>
  </datafield>
  <datafield tag="700" ind1=" " ind2=" ">
    <subfield code="a">Mozart Wolfgang Amadeus</subfield>
    <subfield code="d">Codice autore musica SPICS: 3486</subfield>
    <subfield code="e">Autore musica</subfield>
    <subfield code="p">Sinfonia n. 26 in mi bemolle maggiore, K. 184</subfield>
    <subfield code="9">20683</subfield>
  </datafield>
  <datafield tag="700" ind1=" " ind2=" ">
    <subfield code="a">Chopin Fryderyk</subfield>
    <subfield code="d">Codice autore musica SPICS: 8056</subfield>
    <subfield code="e">Autore musica</subfield>
    <subfield code="p">Fantasia: Improvviso, op. 66</subfield>
    <subfield code="9">20684</subfield>
  </datafield>
  <datafield tag="700" ind1=" " ind2=" ">
    <subfield code="a">Berlioz Hector</subfield>
    <subfield code="d">Codice autore musica SPICS: 9293</subfield>
    <subfield code="e">Autore musica</subfield>
    <subfield code="p">Carnevale romano</subfield>
    <subfield code="9">20685</subfield>
  </datafield>
  <datafield tag="942" ind1=" " ind2=" ">
    <subfield code="c">MD</subfield>
    <subfield code="2">ddc</subfield>
  </datafield>
  <datafield tag="952" ind1=" " ind2=" ">
    <subfield code="0">0</subfield>
    <subfield code="1">0</subfield>
    <subfield code="4">0</subfield>
    <subfield code="6">40065_000000000000000</subfield>
    <subfield code="7">1</subfield>
    <subfield code="a">SPICS</subfield>
    <subfield code="b">SPICS</subfield>
    <subfield code="d">2013-10-25</subfield>
    <subfield code="l">0</subfield>
    <subfield code="o">40065</subfield>
    <subfield code="r">2013-10-25 00:00:00</subfield>
    <subfield code="w">2013-10-25</subfield>
    <subfield code="y">MD</subfield>
    <subfield code="z">Progr. Ins.: 13880 / N.Vol.: 1 / Copie: 1 - Copia rara: n.d. / date import: 01.01.2014 - By Epidotti, Trombetti, Vaglietti</subfield>
  </datafield>
</record>
